[Event "EUYCC 2024 U12"]
[Site "?"]
[Date "2024.08.11"]
[Round "7.6"]
[White "Vancakova, Veronika"]
[Black "Fadeev, Justin Michael"]
[Result "0-1"]
[BlackElo "1762"]
[WhiteElo "1776"]
[LiveChessVersion "1.4.8"]

1. d4 {[%clk 1:30:56]} d5 {[%clk 1:30:55]} 2. c4 {[%clk 1:31:23]} e6
{[%clk 1:31:23]} 3. Nc3 {[%clk 1:31:49]} c6 {[%clk 1:31:40]} 4. Nf3
{[%clk 1:32:11]} dxc4 {[%clk 1:32:05]} 5. a4 {[%clk 1:32:34]} Bb4
{[%clk 1:31:15]} 6. e3 {[%clk 1:32:53]} b5 {[%clk 1:31:20]} 7. Bd2
{[%clk 1:33:07]} a5 {[%clk 1:31:38]} 8. axb5 {[%clk 1:33:11]} Bxc3
{[%clk 1:32:02]} 9. Bxc3 {[%clk 1:33:34]} cxb5 {[%clk 1:32:29]} 10. b3
{[%clk 1:33:56]} Bb7 {[%clk 1:32:56]} 11. bxc4 {[%clk 1:34:13]} b4
{[%clk 1:33:25]} 12. Bb2 {[%clk 1:34:18]} Nf6 {[%clk 1:33:48]} 13. c5
{[%clk 1:34:30]} O-O {[%clk 1:29:49]} 14. Bb5 {[%clk 1:34:17]} Qc7
{[%clk 1:22:38]} 15. O-O {[%clk 1:33:45]} Bd5 {[%clk 1:19:13]} 16. Qe2
{[%clk 1:27:49]} Nc6 {[%clk 1:17:25]} 17. Nd2 {[%clk 1:16:55]} Na7
{[%clk 1:12:08]} 18. Ba4 {[%clk 1:14:46]} Ne4 {[%clk 1:10:06]} 19. Rfc1
{[%clk 1:08:15]} Nxd2 {[%clk 1:10:02]} 20. Qxd2 {[%clk 1:08:34]} Rfd8
{[%clk 1:05:46]} 21. f3 {[%clk 1:07:16]} Bc6 {[%clk 1:03:13]} 22. Bb3
{[%clk 0:50:05]} Nc8 {[%clk 1:00:03]} 23. Qc2 {[%clk 0:47:16]} Ne7
{[%clk 0:55:45]} 24. e4 {[%clk 0:36:50]} Qf4 {[%clk 0:51:04]} 25. Re1
{[%clk 0:31:42]} h5 {[%clk 0:46:53]} 26. Bc1 {[%clk 0:28:34]} Qc7
{[%clk 0:43:28]} 27. Be3 {[%clk 0:27:13]} a4 {[%clk 0:18:44]} 28. Bc4
{[%clk 0:19:29]} Qb7 {[%clk 0:15:32]} 29. Reb1 {[%clk 0:18:32]} b3
{[%clk 0:15:33]} 30. Qc3 {[%clk 0:17:50]} Rdb8 {[%clk 0:15:26]} 31. Bg5
{[%clk 0:07:09]} Ng6 {[%clk 0:09:01]} 32. Bd2 {[%clk 0:05:57]} Ne7
{[%clk 0:05:51]} 33. Bg5 {[%clk 0:06:02]} Ng6 {[%clk 0:06:08]} 34. Bd2
{[%clk 0:06:24]} Rd8 {[%clk 0:05:35]} 35. Bc1 {[%clk 0:03:57]} Qc7
{[%clk 0:05:14]} 36. Bb2 {[%clk 0:03:14]} Be8 {[%clk 0:03:36]} 37. Ra3
{[%clk 0:01:13]} Nf4 {[%clk 0:01:42]} 38. Kh1 {[%clk 0:00:53]} Ng6
{[%clk 0:01:17]} 39. Rba1 {[%clk 0:00:53]} Rab8 {[%clk 0:01:13]} 40. Rd1
{[%clk 0:01:03]} e5 {[%clk 0:01:10]} 41. Bd5 {[%clk 0:00:50]} Rbc8
{[%clk 0:00:55]} 42. dxe5 {[%clk 0:00:41]} Qxc5 {[%clk 0:00:39]} 43. Qxc5
{[%clk 0:00:41]} Rxc5 {[%clk 0:01:04]} 44. e6 {[%clk 0:00:40]} Rdc8
{[%clk 0:00:40]} 45. exf7+ {[%clk 0:00:36]} Bxf7 {[%clk 0:01:02]} 46. Bxf7+
{[%clk 0:00:56]} Kxf7 {[%clk 0:01:26]} 47. Rxa4 {[%clk 0:01:18]} Rc2
{[%clk 0:01:44]} 48. Ra7+ {[%clk 0:00:46]} Ke8 {[%clk 0:02:00]} 49. Rb1
{[%clk 0:00:39]} Rxb2 {[%clk 0:02:16]} 50. Rg1 {[%clk 0:00:38]} Ra2
{[%clk 0:01:15]} 51. Rxg7 {[%clk 0:00:45]} Ne7 {[%clk 0:01:32]} 52. Rg5
{[%clk 0:00:46]} b2 {[%clk 0:01:31]} 53. Rb5 {[%clk 0:00:37]} Rc1
{[%clk 0:01:52]} 54. Rxb2 {[%clk 0:00:34]} Rxg1+ {[%clk 0:02:12]} 55. Kxg1
{[%clk 0:00:59]} Rxb2 {[%clk 0:02:38]} 0-1

[Event "EUYCC 2024 U12"]
[Site "?"]
[Date "2024.08.11"]
[Round "7.7"]
[White "Bannoura, Daniel"]
[Black "Dabrowska, Ewa"]
[Result "1-0"]
[BlackElo "1515"]
[WhiteElo "1483"]
[LiveChessVersion "1.4.8"]

1. c4 {[%clk 1:30:57]} e5 {[%clk 1:30:55]} 2. g3 {[%clk 1:31:20]} d6
{[%clk 1:31:19]} 3. Bg2 {[%clk 1:31:37]} f5 {[%clk 1:31:40]} 4. d3
{[%clk 1:31:59]} Nf6 {[%clk 1:31:50]} 5. Bg5 {[%clk 1:31:59]} g6 {[%clk 1:30:54]}
6. Nc3 {[%clk 1:30:53]} Bg7 {[%clk 1:29:33]} 7. e3 {[%clk 1:29:18]} O-O
{[%clk 1:27:53]} 8. Nge2 {[%clk 1:22:54]} c6 {[%clk 1:24:20]} 9. Qd2
{[%clk 1:19:14]} Be6 {[%clk 1:21:19]} 10. b4 {[%clk 1:18:00]} d5 {[%clk 1:15:55]}
11. cxd5 {[%clk 1:16:47]} cxd5 {[%clk 1:15:41]} 12. O-O {[%clk 1:12:37]} e4
{[%clk 1:13:18]} 13. Rad1 {[%clk 1:10:29]} Nc6 {[%clk 1:06:32]} 14. b5
{[%clk 1:08:18]} Ne5 {[%clk 1:04:51]} 15. Nd4 {[%clk 1:06:25]} Bf7
{[%clk 1:03:31]} 16. dxe4 {[%clk 1:06:12]} dxe4 {[%clk 1:03:27]} 17. Qc2
{[%clk 0:57:30]} Qe7 {[%clk 0:55:16]} 18. f3 {[%clk 0:51:01]} exf3
{[%clk 0:52:51]} 19. Nxf3 {[%clk 0:50:08]} Nxf3+ {[%clk 0:49:49]} 20. Bxf3
{[%clk 0:50:21]} Rac8 {[%clk 0:41:17]} 21. Qb2 {[%clk 0:39:13]} h6
{[%clk 0:35:31]} 22. Bf4 {[%clk 0:35:26]} g5 {[%clk 0:30:48]} 23. Bd6
{[%clk 0:35:36]} Qxe3+ {[%clk 0:31:04]} 24. Kg2 {[%clk 0:35:44]} Rfd8
{[%clk 0:27:31]} 25. Bb4 {[%clk 0:34:41]} Bd5 {[%clk 0:20:42]} 26. Qa3
{[%clk 0:25:39]} Qe5 {[%clk 0:12:09]} 27. Nxd5 {[%clk 0:22:44]} Nxd5
{[%clk 0:11:55]} 28. Rfe1 {[%clk 0:22:38]} Rc2+ {[%clk 0:07:14]} 29. Kg1
{[%clk 0:20:42]} Qb2 {[%clk 0:06:41]} 30. Qxb2 {[%clk 0:20:04]} Rxb2
{[%clk 0:07:10]} 31. a3 {[%clk 0:20:16]} Kh7 {[%clk 0:05:05]} 32. Bxd5
{[%clk 0:20:05]} b6 {[%clk 0:04:23]} 33. Be7 {[%clk 0:19:22]} Rc8
{[%clk 0:03:06]} 34. Be6 {[%clk 0:19:18]} Rb8 {[%clk 0:02:31]} 35. Bxf5+
{[%clk 0:19:32]} Kg8 {[%clk 0:02:54]} 36. Rd6 {[%clk 0:18:48]} Rxb5
{[%clk 0:02:13]} 37. g4 {[%clk 0:18:17]} Ra5 {[%clk 0:01:51]} 38. Rg6
{[%clk 0:18:26]} Re8 {[%clk 0:01:30]} 39. Ree6 {[%clk 0:17:13]} Rd5
{[%clk 0:01:03]} 40. Bf6 {[%clk 0:16:29]} Rd1+ {[%clk 0:01:00]} 41. Kf2
{[%clk 0:16:40]} Rxe6 {[%clk 0:00:58]} 42. Bxe6+ {[%clk 0:16:48]} Kf8
{[%clk 0:01:18]} 43. Rxg7 {[%clk 0:17:01]} Rd2+ {[%clk 0:01:10]} 44. Ke3
{[%clk 0:17:19]} 1-0

[Event "EUYCC 2024 U12"]
[Site "?"]
[Date "2024.08.11"]
[Round "7.8"]
[White "Duchatel, Cyrielle"]
[Black "Skytte, Robert"]
[Result "1-0"]
[BlackElo "1866"]
[WhiteElo "1636"]
[LiveChessVersion "1.4.8"]

1. e4 {[%clk 1:30:35]} d5 {[%clk 1:28:31]} 2. exd5 {[%clk 1:30:32]} Qxd5
{[%clk 1:26:30]} 3. Nc3 {[%clk 1:30:00]} Qa5 {[%clk 1:24:22]} 4. d4
{[%clk 1:28:35]} Nf6 {[%clk 1:22:25]} 5. Bd3 {[%clk 1:27:20]} Nc6
{[%clk 1:20:30]} 6. Nf3 {[%clk 1:23:47]} Bg4 {[%clk 1:18:29]} 7. h3
{[%clk 1:22:37]} Bxf3 {[%clk 1:15:59]} 8. Qxf3 {[%clk 1:22:53]} O-O-O
{[%clk 1:14:01]} 9. Be3 {[%clk 1:08:27]} Nxd4 {[%clk 1:11:56]} 10. Bxd4
{[%clk 1:06:14]} Rxd4 {[%clk 1:10:30]} 11. O-O {[%clk 1:04:32]} e6
{[%clk 1:08:28]} 12. Rfd1 {[%clk 1:00:03]} Be7 {[%clk 1:00:58]} 13. Ne4
{[%clk 0:55:22]} h6 {[%clk 0:56:29]} 14. c3 {[%clk 0:53:33]} Rd7 {[%clk 0:55:50]}
15. b4 {[%clk 0:45:07]} Qb6 {[%clk 0:50:27]} 16. a4 {[%clk 0:43:04]} Rhd8
{[%clk 0:48:43]} 17. a5 {[%clk 0:28:46]} Qc6 {[%clk 0:47:22]} 18. b5
{[%clk 0:28:24]} Qd5 {[%clk 0:46:55]} 19. a6 {[%clk 0:21:47]} b6 {[%clk 0:44:35]}
20. c4 {[%clk 0:20:10]} Qa8 {[%clk 0:44:27]} 21. Nd6+ {[%clk 0:18:49]} Kb8
{[%clk 0:44:33]} 22. Qxa8+ {[%clk 0:19:07]} Kxa8 {[%clk 0:44:58]} 23. Nxf7
{[%clk 0:19:23]} Rf8 {[%clk 0:43:07]} 24. Ne5 {[%clk 0:19:48]} Rd4
{[%clk 0:43:27]} 25. Be2 {[%clk 0:19:41]} Rxd1+ {[%clk 0:30:05]} 26. Rxd1
{[%clk 0:20:05]} Bd6 {[%clk 0:29:48]} 27. Bf3+ {[%clk 0:19:37]} Kb8
{[%clk 0:28:54]} 28. Nc6+ {[%clk 0:19:55]} Ka8 {[%clk 0:29:02]} 29. Nd4+
{[%clk 0:20:02]} Kb8 {[%clk 0:29:18]} 30. Bb7 {[%clk 0:19:52]} c5
{[%clk 0:29:20]} 31. Nxe6 {[%clk 0:20:10]} Rf7 {[%clk 0:29:19]} 32. Rxd6
{[%clk 0:20:33]} 1-0

[Event "EUYCC 2024 U12"]
[Site "?"]
[Date "2024.08.11"]
[Round "7.9"]
[White "Janaszak, Amelia"]
[Black "Lickova, Anna"]
[Result "1-0"]
[BlackElo "1621"]
[WhiteElo "1424"]
[LiveChessVersion "1.4.8"]

1. e4 {[%clk 1:30:56]} e5 {[%clk 1:30:53]} 2. Nf3 {[%clk 1:31:15]} Nf6
{[%clk 1:31:17]} 3. Nxe5 {[%clk 1:30:18]} d6 {[%clk 1:31:16]} 4. Nf3
{[%clk 1:30:19]} Nxe4 {[%clk 1:31:38]} 5. Nc3 {[%clk 1:29:43]} Nxc3
{[%clk 1:31:54]} 6. dxc3 {[%clk 1:29:20]} Be7 {[%clk 1:32:00]} 7. Be3
{[%clk 1:27:53]} O-O {[%clk 1:31:18]} 8. Qd2 {[%clk 1:28:00]} c5 {[%clk 1:27:17]}
9. c4 {[%clk 1:23:53]} Qb6 {[%clk 1:25:30]} 10. O-O-O {[%clk 1:21:25]} Bf6
{[%clk 1:19:37]} 11. c3 {[%clk 1:19:49]} Qa6 {[%clk 1:15:05]} 12. Kb1
{[%clk 1:16:16]} Be6 {[%clk 1:09:20]} 13. Qxd6 {[%clk 1:09:30]} Bxc4
{[%clk 1:02:59]} 14. Bxc4 {[%clk 1:09:12]} Qxc4 {[%clk 1:03:07]} 15. Qxc5
{[%clk 1:08:05]} Qg4 {[%clk 0:48:20]} 16. Rhg1 {[%clk 1:04:14]} Nc6
{[%clk 0:46:47]} 17. Qb5 {[%clk 1:03:11]} Qc8 {[%clk 0:41:46]} 18. g4
{[%clk 0:58:11]} a6 {[%clk 0:39:38]} 19. Qf1 {[%clk 0:56:34]} Qe6
{[%clk 0:38:45]} 20. Qg2 {[%clk 0:54:16]} Rfd8 {[%clk 0:36:27]} 21. Rxd8+
{[%clk 0:50:01]} Rxd8 {[%clk 0:36:50]} 22. g5 {[%clk 0:49:08]} Be5
{[%clk 0:31:01]} 23. Nxe5 {[%clk 0:47:12]} Qxe5 {[%clk 0:31:14]} 24. h4
{[%clk 0:46:36]} Qf5+ {[%clk 0:30:02]} 25. Ka1 {[%clk 0:44:42]} Qc2
{[%clk 0:28:13]} 26. Qf1 {[%clk 0:44:11]} Ne5 {[%clk 0:25:47]} 27. Qb1
{[%clk 0:38:32]} Qxb1+ {[%clk 0:16:28]} 28. Kxb1 {[%clk 0:37:56]} Nf3
{[%clk 0:16:26]} 29. Rh1 {[%clk 0:36:53]} Nd2+ {[%clk 0:16:22]} 30. Kc2
{[%clk 0:33:44]} Nc4 {[%clk 0:15:55]} 31. Bf4 {[%clk 0:31:51]} Kf8
{[%clk 0:14:44]} 32. Re1 {[%clk 0:30:10]} Rd7 {[%clk 0:11:25]} 33. Re4
{[%clk 0:25:08]} Nb6 {[%clk 0:11:00]} 34. Be3 {[%clk 0:24:35]} Nc8
{[%clk 0:08:42]} 35. Bc5+ {[%clk 0:24:15]} Nd6 {[%clk 0:07:19]} 36. Rd4
{[%clk 0:19:23]} Ke7 {[%clk 0:07:29]} 37. Rxd6 {[%clk 0:18:59]} Rxd6
{[%clk 0:07:51]} 38. Bxd6+ {[%clk 0:19:13]} Kxd6 {[%clk 0:08:18]} 39. Kd3
{[%clk 0:19:33]} Kd5 {[%clk 0:08:32]} 40. f4 {[%clk 0:19:17]} g6 {[%clk 0:08:10]}
41. a4 {[%clk 0:14:59]} a5 {[%clk 0:04:47]} 42. b3 {[%clk 0:13:35]} b6
{[%clk 0:04:53]} 43. Ke3 {[%clk 0:12:32]} Kc6 {[%clk 0:04:08]} 44. Kd4
{[%clk 0:10:54]} Kd6 {[%clk 0:04:00]} 45. b4 {[%clk 0:11:00]} Ke6
{[%clk 0:03:43]} 46. bxa5 {[%clk 0:09:55]} bxa5 {[%clk 0:04:06]} 47. c4
{[%clk 0:05:29]} Kd6 {[%clk 0:04:28]} 48. c5+ {[%clk 0:05:36]} Kc6
{[%clk 0:04:36]} 49. Kc4 {[%clk 0:05:54]} Kc7 {[%clk 0:04:34]} 50. Kb5
{[%clk 0:06:05]} Kb7 {[%clk 0:04:58]} 51. c6+ {[%clk 0:05:56]} Kc7
{[%clk 0:05:24]} 52. Kc5 {[%clk 0:06:08]} Kc8 {[%clk 0:05:48]} 53. Kb6
{[%clk 0:05:42]} Kb8 {[%clk 0:06:13]} 54. Kxa5 {[%clk 0:05:54]} Kc7
{[%clk 0:06:36]} 55. Kb5 {[%clk 0:06:15]} Kb8 {[%clk 0:07:02]} 56. Kb6
{[%clk 0:06:17]} Kc8 {[%clk 0:07:26]} 57. a5 {[%clk 0:06:26]} Kb8
{[%clk 0:07:48]} 58. c7+ {[%clk 0:06:35]} Kc8 {[%clk 0:08:14]} 59. a6
{[%clk 0:06:55]} Kd7 {[%clk 0:08:39]} 60. Kb7 {[%clk 0:07:15]} Ke7
{[%clk 0:09:02]} 61. c8=Q {[%clk 0:07:28]} Kd6 {[%clk 0:09:26]} 62. Qc6+
{[%clk 0:07:43]} Ke7 {[%clk 0:09:48]} 63. Kc7 {[%clk 0:07:49]} Kf8
{[%clk 0:10:10]} 64. Qf6 {[%clk 0:07:55]} Kg8 {[%clk 0:10:37]} 65. a7
{[%clk 0:08:10]} h5 {[%clk 0:11:00]} 66. a8=Q+ {[%clk 0:08:22]} Kh7
{[%clk 0:11:24]} 67. Qah8# {[%clk 0:08:46]} 1-0

[Event "EUYCC 2024 U12"]
[Site "?"]
[Date "2024.08.11"]
[Round "7.10"]
[White "Sweetman, Hugo"]
[Black "Ochkova, Vasilena"]
[Result "1/2-1/2"]
[BlackElo "1587"]
[WhiteElo "1493"]
[LiveChessVersion "1.4.8"]

1. d4 {[%clk 1:30:50]} Nf6 {[%clk 1:30:47]} 2. Nc3 {[%clk 1:31:04]} d5
{[%clk 1:30:57]} 3. Bf4 {[%clk 1:31:15]} c6 {[%clk 1:31:06]} 4. e3
{[%clk 1:31:21]} g6 {[%clk 1:30:57]} 5. Bd3 {[%clk 1:31:01]} Bg7 {[%clk 1:30:56]}
6. Nf3 {[%clk 1:30:08]} O-O {[%clk 1:30:52]} 7. Qd2 {[%clk 1:26:19]} Re8
{[%clk 1:22:59]} 8. h4 {[%clk 1:19:42]} h5 {[%clk 1:18:05]} 9. Nh2
{[%clk 1:18:16]} Nbd7 {[%clk 1:11:08]} 10. O-O-O {[%clk 1:16:26]} e5
{[%clk 1:09:25]} 11. dxe5 {[%clk 1:16:22]} Nxe5 {[%clk 1:09:38]} 12. Bxe5
{[%clk 1:15:26]} Rxe5 {[%clk 1:09:54]} 13. Nf3 {[%clk 1:15:13]} Re8
{[%clk 1:08:23]} 14. Ng5 {[%clk 1:09:26]} Nh7 {[%clk 0:50:45]} 15. Nxh7
{[%clk 1:08:01]} Kxh7 {[%clk 0:50:57]} 16. Kb1 {[%clk 1:04:35]} Qf6
{[%clk 0:47:57]} 17. Rde1 {[%clk 1:01:57]} Bf5 {[%clk 0:30:45]} 18. Bxf5
{[%clk 1:00:33]} Qxf5 {[%clk 0:29:13]} 19. Re2 {[%clk 0:59:43]} Rad8
{[%clk 0:24:15]} 20. Qd3 {[%clk 0:54:43]} Qxd3 {[%clk 0:20:54]} 21. cxd3
{[%clk 0:54:47]} d4 {[%clk 0:20:09]} 22. exd4 {[%clk 0:54:42]} Rxe2
{[%clk 0:17:11]} 23. Nxe2 {[%clk 0:55:01]} Bxd4 {[%clk 0:16:58]} 24. Nxd4
{[%clk 0:55:20]} Rxd4 {[%clk 0:17:27]} 25. Kc2 {[%clk 0:55:24]} 1/2-1/2

[Event "EUYCC 2024 U12"]
[Site "?"]
[Date "2024.08.11"]
[Round "7.12"]
[White "Hrckova, Anna"]
[Black "Rudova, Jana"]
[Result "1/2-1/2"]
[BlackElo "1484"]
[WhiteElo "1586"]
[LiveChessVersion "1.4.8"]

1. e4 {[%clk 1:30:56]} e5 {[%clk 1:30:53]} 2. Nf3 {[%clk 1:31:15]} Nc6
{[%clk 1:31:11]} 3. d4 {[%clk 1:30:27]} exd4 {[%clk 1:31:23]} 4. Bc4
{[%clk 1:30:43]} Bb4+ {[%clk 1:29:20]} 5. Bd2 {[%clk 1:30:11]} Bxd2+
{[%clk 1:28:07]} 6. Qxd2 {[%clk 1:30:35]} Qe7 {[%clk 1:27:08]} 7. O-O
{[%clk 1:30:37]} d6 {[%clk 1:25:39]} 8. Nxd4 {[%clk 1:30:43]} Nxd4
{[%clk 1:24:53]} 9. Qxd4 {[%clk 1:30:50]} Qe5 {[%clk 1:23:26]} 10. Qxe5+
{[%clk 1:24:13]} dxe5 {[%clk 1:23:48]} 11. Nc3 {[%clk 1:23:28]} Nf6
{[%clk 1:22:36]} 12. Nb5 {[%clk 1:21:03]} Kd8 {[%clk 1:12:58]} 13. f3
{[%clk 1:12:19]} Rf8 {[%clk 1:12:48]} 14. Rad1+ {[%clk 1:11:38]} Bd7
{[%clk 1:12:35]} 15. Bb3 {[%clk 1:08:46]} a6 {[%clk 1:07:52]} 16. Nc3
{[%clk 1:08:09]} Ke7 {[%clk 1:06:20]} 17. Nd5+ {[%clk 1:02:53]} Nxd5
{[%clk 1:05:34]} 18. Rxd5 {[%clk 1:02:39]} f6 {[%clk 1:03:38]} 19. Re1
{[%clk 0:59:52]} Bc6 {[%clk 1:00:36]} 20. Rd3 {[%clk 0:57:25]} Rad8
{[%clk 0:58:49]} 21. Red1 {[%clk 0:52:26]} Rxd3 {[%clk 0:57:14]} 22. Rxd3
{[%clk 0:52:45]} Rd8 {[%clk 0:57:23]} 23. Rc3 {[%clk 0:51:37]} Rd7
{[%clk 0:54:28]} 24. Bd5 {[%clk 0:49:51]} Bxd5 {[%clk 0:54:25]} 25. exd5
{[%clk 0:50:08]} Kd6 26. Rd3 Kc5 1/2-1/2

[Event "EUYCC 2024 U12"]
[Site "?"]
[Date "2024.08.12"]
[Round "8.1"]
[White "Kala, Jakub"]
[Black "Bilochenko, Matvii"]
[Result "1/2-1/2"]
[BlackElo "1800"]
[WhiteElo "1949"]
[LiveChessVersion "1.4.8"]

1. Nf3 {[%clk 1:30:56]} Nf6 {[%clk 1:30:53]} 2. c4 {[%clk 1:31:20]} g6
{[%clk 1:31:15]} 3. Nc3 {[%clk 1:31:43]} Bg7 {[%clk 1:31:36]} 4. e4
{[%clk 1:31:57]} d6 {[%clk 1:31:54]} 5. d4 {[%clk 1:32:18]} O-O {[%clk 1:32:13]}
6. Be2 {[%clk 1:32:43]} e5 {[%clk 1:32:32]} 7. Be3 {[%clk 1:32:48]} exd4
{[%clk 1:31:41]} 8. Nxd4 {[%clk 1:32:20]} Re8 {[%clk 1:31:28]} 9. f3
{[%clk 1:31:51]} c6 {[%clk 1:31:32]} 10. Bf2 {[%clk 1:31:23]} d5 {[%clk 1:28:35]}
11. exd5 {[%clk 1:30:31]} cxd5 {[%clk 1:28:17]} 12. c5 {[%clk 1:29:26]} Nc6
{[%clk 1:26:38]} 13. O-O {[%clk 1:25:52]} Bf8 {[%clk 1:21:14]} 14. Bb5
{[%clk 1:09:38]} Bd7 {[%clk 1:15:58]} 15. Bxc6 {[%clk 1:07:06]} bxc6
{[%clk 1:15:23]} 16. b4 {[%clk 1:06:06]} a5 {[%clk 1:10:40]} 17. a3
{[%clk 1:03:07]} Qc7 {[%clk 1:03:53]} 18. Na4 {[%clk 0:56:01]} axb4
{[%clk 1:00:34]} 19. axb4 {[%clk 0:54:38]} Nh5 {[%clk 0:46:11]} 20. Nb6
{[%clk 0:41:06]} Rxa1 {[%clk 0:45:02]} 21. Qxa1 {[%clk 0:41:06]} Bg7
{[%clk 0:38:54]} 22. g3 {[%clk 0:21:20]} g5 {[%clk 0:24:37]} 23. Re1
{[%clk 0:16:33]} Rxe1+ {[%clk 0:17:09]} 24. Qxe1 {[%clk 0:16:25]} Bf6
{[%clk 0:15:36]} 25. Be3 {[%clk 0:12:14]} 1/2-1/2

[Event "EUYCC 2024 U12"]
[Site "?"]
[Date "2024.08.12"]
[Round "8.2"]
[White "Petroff, Vlad"]
[Black "Moravcik, Alex"]
[Result "1-0"]
[BlackElo "1762"]
[WhiteElo "1997"]
[LiveChessVersion "1.4.8"]

1. d4 {[%clk 1:30:52]} d5 {[%clk 1:30:47]} 2. Bg5 {[%clk 1:31:10]} f6
{[%clk 1:31:10]} 3. Bd2 {[%clk 1:31:19]} e5 {[%clk 1:29:34]} 4. e3
{[%clk 1:31:01]} Nc6 {[%clk 1:29:49]} 5. Bb5 {[%clk 1:31:00]} exd4
{[%clk 1:29:36]} 6. exd4 {[%clk 1:29:43]} Be6 {[%clk 1:28:33]} 7. Nf3
{[%clk 1:26:13]} Bd6 {[%clk 1:27:10]} 8. O-O {[%clk 1:20:39]} Nge7
{[%clk 1:25:26]} 9. Re1 {[%clk 1:14:54]} Bf7 {[%clk 1:24:22]} 10. Bd3
{[%clk 1:11:56]} O-O {[%clk 1:22:20]} 11. a3 {[%clk 1:10:54]} Qd7
{[%clk 1:17:39]} 12. Nc3 {[%clk 1:09:05]} a6 {[%clk 1:15:04]} 13. Ne2
{[%clk 1:04:43]} Bg6 {[%clk 1:11:45]} 14. Nf4 {[%clk 1:00:22]} Bxd3
{[%clk 1:09:03]} 15. Nxd3 {[%clk 1:00:22]} Ng6 {[%clk 1:06:02]} 16. c3
{[%clk 0:54:47]} Rfe8 {[%clk 1:04:21]} 17. Rxe8+ {[%clk 0:46:44]} Rxe8
{[%clk 1:03:56]} 18. Qb3 {[%clk 0:44:44]} Kh8 {[%clk 0:58:47]} 19. Qxb7
{[%clk 0:35:29]} a5 {[%clk 0:50:08]} 20. Qb3 {[%clk 0:34:35]} Qf5
{[%clk 0:41:22]} 21. Qb5 {[%clk 0:26:44]} Nge7 {[%clk 0:37:29]} 22. Nfe1
{[%clk 0:21:23]} Qh5 {[%clk 0:30:29]} 23. h3 {[%clk 0:20:45]} g5 {[%clk 0:27:54]}
24. Qa4 {[%clk 0:19:08]} Qg6 {[%clk 0:23:14]} 25. Qd1 {[%clk 0:18:10]} h5
{[%clk 0:22:37]} 26. g3 {[%clk 0:16:17]} Kg7 {[%clk 0:19:36]} 27. Bc1
{[%clk 0:14:47]} Rh8 {[%clk 0:11:46]} 28. Ng2 {[%clk 0:13:26]} Qf5
{[%clk 0:11:19]} 29. h4 {[%clk 0:09:39]} Kh7 {[%clk 0:08:37]} 30. hxg5
{[%clk 0:09:14]} fxg5 {[%clk 0:09:04]} 31. Qxh5+ {[%clk 0:09:37]} Kg7
{[%clk 0:09:13]} 32. Qxg5+ {[%clk 0:10:05]} Qxg5 {[%clk 0:09:36]} 33. Bxg5
{[%clk 0:10:33]} Nf5 {[%clk 0:09:31]} 34. Bf4 {[%clk 0:10:39]} Re8
{[%clk 0:08:45]} 35. Bxd6 {[%clk 0:10:48]} Nxd6 {[%clk 0:09:09]} 36. Ngf4
{[%clk 0:11:07]} 1-0